Normal view
MARC view
Entry Personal Name
001 - CONTROL NUMBER
- control field: 44607
003 - CONTROL NUMBER IDENTIFIER
- control field: OSt
005 - DATE AND TIME OF LATEST TRANSACTION
- control field: 20240419162655.0
008 - FIXED-LENGTH DATA ELEMENTS
- fixed length control field: 240419|| aca||aabn | a|a d
040 ## - CATALOGING SOURCE
- Original cataloging agency: OSt
- Transcribing agency: OSt
100 ## - HEADING--PERSONAL NAME
- Personal name: Kanth, Amod K.
670 ## - SOURCE DATA FOUND
- Source citation: Work cat.: (OSt)524037: Kanth, Amod K. , Civil society organizations in education & skilling: Revisiting the Prayas experience
